College Quizbowl Stats
College Quizbowl Stats
Circuits
Seasons
Sets
Records
Detailed Stats
About
Loading...
Northeast
Tossups
Bonuses
Players
Teams
Categories (Tossup)
Categories (Bonus)
Eli Zimmerman
Tufts A
Categories
Category
Powers
Gets
Negs
BBs
Points
Earliest Buzz
Avg. Buzz
First Buzzes
Top 3 Buzzes
BPA
PVF
Religion
0
2
0
1
20
81
105.00
0
0
3.96
8.11
Science - Other
0
2
0
0
20
49
71.00
0
0
8.20
12.50
History - World
0
1
1
0
5
8
8.00
1
1
9.32
10.00
Fine Arts - Other
0
0
1
0
-5
0.00
0
0
0.00
0.00
Buzzes
Category
Answer
Value
Buzz Position
History - World
Soviet Union
10
8
Science - Other
determinant
10
49
History - World
Taiwan
-5
76
Religion
Moses
10
81
Science - Other
torus
10
93
Fine Arts - Other
Marilyn Monroe
-5
96
Religion
gates
10
129
Previous
1
Next